Library Banner

Searchlights on Baloches and balochistan (Record no. 84048)

MARC details
000 -LEADER
fixed length control field 00390nam a22001457a 4500
005 - DATE AND TIME OF LATEST TRANSACTION
control field 20160303094151.0
008 - FIXED-LENGTH DATA ELEMENTS--GENERAL INFORMATION
fixed length control field 160303b xxu||||| |||| 00| 0 eng d
040 ## - CATALOGING SOURCE
Transcribing agency PK-LaUMT
082 ## - DEWEY DECIMAL CLASSIFICATION NUMBER
Classification number MMC 954.915
Item number MIR-S
100 ## - MAIN ENTRY--PERSONAL NAME
Personal name Mir khuda bakhsh
245 ## - TITLE STATEMENT
Title Searchlights on Baloches and balochistan
Statement of responsibility, etc Mir khuda bakhsh
260 ## - PUBLICATION, DISTRIBUTION, ETC. (IMPRINT)
Place of publication, distribution, etc Quetta
Name of publisher, distributor, etc Nisa traders
Date of publication, distribution, etc 1974
300 ## - PHYSICAL DESCRIPTION
Extent 387 p.
942 ## - ADDED ENTRY ELEMENTS (KOHA)
Koha item type Books
Holdings
Withdrawn status Lost status Damaged status Home library Current library Date acquired Full call number Barcode Date last seen Price effective from Koha item type
      UMT Main Campus UMT Main Campus 2016-03-03 MMC 954.915 MIR-S 95999 2016-03-03 2016-03-03 Books